|
|
|
|
| LEADER |
00854cam a2200217 7i4500 |
| 001 |
0000022701 |
| 005 |
20090604090000.0 |
| 090 |
0 |
0 |
|a S.AF 641.3
|b MAL
|
| 110 |
2 |
0 |
|a Malaysia External Trade Development Corporation (MATRADE)
|
| 245 |
2 |
0 |
|a Food and beverages industry.
|
| 260 |
0 |
0 |
|a Johannesburg:
|b MATRADE Johannesburg,
|c 2009.
|
| 300 |
# |
# |
|a 24 p.
|
| 440 |
0 |
0 |
|a Product market study : 2009
|
| 650 |
0 |
0 |
|a Beverages --
|x Markets --
|z South Africa
|
| 650 |
0 |
0 |
|a Food --
|x Markets --
|z South Africa
|
| 650 |
0 |
0 |
|a Beverages --
|x import regulations --
|z South Africa
|
| 650 |
0 |
0 |
|a Food --
|x import regulations --
|z South Africa
|
| 650 |
0 |
0 |
|a Food industry and trade --
|x Markets --
|z South Africa
|
| 650 |
0 |
0 |
|a Beverages industry and trade --
|x Markets --
|z South Africa
|
| 651 |
0 |
0 |
|a South Africa
|
| 999 |
|
|
|a 0000024310
|b Book
|c Countries
|e Business Information Centre
|